Statistics for Things That Are Red

Click here to take the quiz!

General Stats

  • This quiz has been taken 36 times
  • The average score is 10 of 15

Answer Stats

Answer% Correct
Rose
100%
Lips
100%
Tomato
97%
Onion
91%
Strawberry
91%
Squirrel
85%
Raspberry
82%
Ladybird
82%
Cherry
70%
Pepper
67%
Pomegranate
58%
Fig
45%
Salami
21%
Setter
21%
Currant
9%

Score Distribution

Percentile by Number Answered

Percent of People with Each Score

Your Score History

You have not taken this quiz